Law of Contract & Specific Relief (Record no. 1848137)
[ view plain ]
| 000 -LEADER | |
|---|---|
| fixed length control field | 00537nam a22002057a 4500 |
| 005 - DATE AND TIME OF LATEST TRANSACTION | |
| control field | 20260409103751.0 |
| 008 - FIXED-LENGTH DATA ELEMENTS--GENERAL INFORMATION | |
| fixed length control field | 260409b |||||||| |||| 00| 0 eng d |
| 020 ## - INTERNATIONAL STANDARD BOOK NUMBER | |
| International Standard Book Number | 9789348179920 |
| 040 ## - CATALOGING SOURCE | |
| Transcribing agency | FLL |
| 041 ## - LANGUAGE CODE | |
| Source of code | Eng |
| Language code of text/sound track or separate title | Eng |
| 084 ## - COLON CLASSIFICATION NUMBER | |
| Classification number | Z2,3 R2 |
| 100 ## - MAIN ENTRY--PERSONAL NAME | |
| Personal name | Singh,Avtar |
| 245 ## - TITLE STATEMENT | |
| Title | Law of Contract & Specific Relief |
| Remainder of title | A study of the Contract Act,1872 |
| 250 ## - EDITION STATEMENT | |
| Edition statement | 13th |
| 260 ## - PUBLICATION, DISTRIBUTION, ETC. | |
| Place of publication, distribution, etc. | Lucknow,India |
| Name of publisher, distributor, etc. | EBC |
| Date of publication, distribution, etc. | 2022 |
| 300 ## - PHYSICAL DESCRIPTION | |
| Extent | cxxxii,988p. |
| 650 ## - SUBJECT ADDED ENTRY--TOPICAL TERM | |
| Topical term or geographic name entry element | Law of Contract |
| 700 ## - ADDED ENTRY--PERSONAL NAME | |
| Personal name | Kapoor, Rajesh |
| 942 ## - ADDED ENTRY ELEMENTS (KOHA) | |
| Source of classification or shelving scheme | Colon Classification (CC) |
| Koha item type | Textbook |
| 700 ## - ADDED ENTRY--PERSONAL NAME | |
| -- | 812237 |
| 999 ## - | |
| -- | 1848137 |
| -- | 1848137 |
| Withdrawn status | Lost status | Source of classification or shelving scheme | Damaged status | Not for loan | Home library | Current library | Date acquired | Source of acquisition | Cost, normal purchase price | Inventory number | Total checkouts | Full call number | Barcode | Date last seen | Copy number | Price effective from | Koha item type |
|---|---|---|---|---|---|---|---|---|---|---|---|---|---|---|---|---|---|
| Colon Classification (CC) | Faculty of Law Library | Faculty of Law Library | 2026-01-20 | Apple Books | 1095.00 | 011/2025-26-31/12/2025 | Z2,3 R2 | LL1943320 | 2026-04-09 | 1 | 2026-04-09 | Textbook | |||||
| Colon Classification (CC) | Faculty of Law Library | Faculty of Law Library | 2026-01-20 | Apple Books | 1095.00 | 011/2025-26-31/12/2025 | Z2,3 R2 | LL1943321 | 2026-04-09 | 2 | 2026-04-09 | Textbook | |||||
| Colon Classification (CC) | Faculty of Law Library | Faculty of Law Library | 2026-01-20 | Apple Books | 1095.00 | 011/2025-26-31/12/2025 | Z2,3 R2 | LL1943322 | 2026-04-09 | 3 | 2026-04-09 | Textbook | |||||
| Colon Classification (CC) | Faculty of Law Library | Faculty of Law Library | 2026-01-20 | Apple Books | 1095.00 | 011/2025-26-31/12/2025 | Z2,3 R2 | LL1943323 | 2026-04-09 | 4 | 2026-04-09 | Textbook | |||||
| Colon Classification (CC) | Faculty of Law Library | Faculty of Law Library | 2026-01-20 | Apple Books | 1095.00 | 011/2025-26-31/12/2025 | Z2,3 R2 | LL1943324 | 2026-04-09 | 5 | 2026-04-09 | Textbook | |||||
| Colon Classification (CC) | Faculty of Law Library | Faculty of Law Library | 2026-01-20 | Apple Books | 1095.00 | 011/2025-26-31/12/2025 | Z2,3 R2 | LL1943325 | 2026-04-09 | 6 | 2026-04-09 | Textbook | |||||
| Colon Classification (CC) | Faculty of Law Library | Faculty of Law Library | 2026-01-20 | Apple Books | 1095.00 | 011/2025-26-31/12/2025 | Z2,3 R2 | LL1943326 | 2026-04-09 | 7 | 2026-04-09 | Textbook | |||||
| Colon Classification (CC) | Faculty of Law Library | Faculty of Law Library | 2026-01-20 | Apple Books | 1095.00 | 011/2025-26-31/12/2025 | Z2,3 R2 | LL1943327 | 2026-04-09 | 8 | 2026-04-09 | Textbook |
